000 00478nam a2200193Ia 4500
008 240510s9999 xx 000 0 und d
020 _a0008131723951
041 _aEng
082 _a005.14
082 _bG14
100 _aGALIN, Daniel
245 0 _aSoftware Quality Assurance:From theory to implementation
260 _bNew Delhi : Pearson Education
260 _c2004
300 _a589 p.
650 _aSoftware quality assurance
942 _2ddc
942 _cRBK
999 _c28481
_d28481
945 _a1
_bMadushi Gamage
_c1
_dMadushi Gamage